| 000 | 00556nam a2200145Ia 4500 | ||
|---|---|---|---|
| 008 | 180901s9999 xx 000 0 und d | ||
| 020 | _a9789719803744 | ||
| 100 | _aEvasco,Eugene Y. | ||
| 245 |
_cEugene Y. Evasco,Will P. Ortiz.-- _aPalihan : _bhikayat sa panitikan at malikhaing pagsulat / |
||
| 250 | _a2nd ed | ||
| 260 |
_aPhilippines : _bC & E Publishing _c2016 |
||
| 300 | _axiv, 393 pages. | ||
| 650 | _aCreative writing (Higher education) -- Study and teaching -- Philippines. | ||
| 650 | _aPhilippines literature -- Authorship -- Study and teaching. | ||
| 999 |
_c358442 _d358442 |
||